| 000 | 00457nam a2200181Ia 4500 | ||
|---|---|---|---|
| 005 | 20250423095201.0 | ||
| 008 | 250422s9999 xx 000 0 und d | ||
| 020 | _a9781593279509 | ||
| 050 | _aQA76.73.J39 .H38/ | ||
| 100 | _aHaverbeke, Marijn | ||
| 245 | 0 | _aEloquent Javascript: a modern introduction to programming | |
| 250 | _a3rd ed. | ||
| 260 | _aSan Francisco | ||
| 260 | _bNo Starch Press | ||
| 260 | _c2019 | ||
| 300 | _a450 p | ||
| 942 | _cBK | ||
| 999 |
_c29502 _d29502 |
||